000 00697nam a2200265Ia 4500
005 20260121170618.0
008 008 260114s9999 xx 000 0 eng d
020 _a9783319767086
037 _aEBOOK
040 _aCRL
040 _beng
040 _cCRL
041 _2eng
041 _aeng
084 _qCRL
100 _aMohammad Faisal, Quaiser Saquib, Abdulrahman A. Alatar, Abdulaziz A. Al-Khedhairy
_91066013
245 0 _aPhytotoxicity of Nanoparticles
260 _bSpringer
260 _bSpringer
260 _c2018
856 _uhttps://link.springer.com/openurl?genre=book&isbn=978-3-319-76708-6
942 _cEBOOK
999 _c1631743
_d1631743